Central Library OPAC University of Rajshahi

প্রকাশকের মৃত্যু / (Record no. 48271)

MARC details
000 -LEADER
fixed length control field 00825nam a2200229 a 4500
001 - CONTROL NUMBER
control field 48271
003 - CONTROL NUMBER IDENTIFIER
rucl marc code BD-RjUL
005 - DATE AND TIME OF LATEST TRANSACTION
control field 20211209054506.0
008 - FIXED-LENGTH DATA ELEMENTS--GENERAL INFORMATION
fixed length control field 160813s1996 bg |||| ||| 000 0 ben d
020 ## - INTERNATIONAL STANDARD BOOK NUMBER
Terms of availability : Tk. 45.00
035 ## - SYSTEM CONTROL NUMBER
System control number (BD-RjUL)48390
040 ## - CATALOGING SOURCE
Original cataloging agency BD-RjUL
Language of cataloging ben=eng
Transcribing agency BD-RjUL
Modifying agency BD-RjUL
041 ## - LANGUAGE CODE
Language code of text/sound track or separate title ben=eng
082 ## - DEWEY DECIMAL CLASSIFICATION NUMBER
Edition number 23
Classification number 891.443
Author mark and year SAP 1996
100 1# - MAIN ENTRY--PERSONAL NAME
Personal name সামাদ, আব্দুস
9 (RLIN) 146165
245 10 - TITLE STATEMENT
Title প্রকাশকের মৃত্যু /
Statement of responsibility, etc. আব্দুস সামাদ
260 ## - PUBLICATION, DISTRIBUTION, ETC. (IMPRINT)
Place of publication, distribution, etc. বগুড়া :
Name of publisher, distributor, etc. বিশ্ববাংগালী প্রকাশন,
Date of publication, distribution, etc. ১৯৯৬ [১৪০৩]
300 ## - PHYSICAL DESCRIPTION
Pagination [৮] ১৫৪ পৃ. ;
Size ২১ সেমি.
650 ## - SUBJECT ADDED ENTRY--TOPICAL TERM
Topical term or geographic name as entry element বাংলা উপন্যাস
9 (RLIN) 146166
Topical term or geographic name as entry element Bengali fiction
9 (RLIN) 146167
942 ## - ADDED ENTRY ELEMENTS (KOHA)
Source of classification or shelving scheme Dewey Decimal Classification
Koha item type Books
Holdings
Lost status Source of classification or shelving scheme Damaged status Not for loan Collection code Permanent Location Current Location Shelving location Date acquired Total Checkouts Full call number Date last seen Copy number Koha item type
  Dewey Decimal Classification     Fiction Central Library, University of Rajshahi Central Library, University of Rajshahi   23/11/1998   B 891.443 SAP 1996 13/08/2016 C-2 Books